Loading...
| Current Events | 5 | 16.00 | 60% | 60% | 40% |
| Fine Arts - Classical Music | 7 | 17.14 | 57% | 43% | 71% |
| Fine Arts - Other | 10 | 17.00 | 30% | 90% | 50% |
| Fine Arts - Painting & Sculpture | 11 | 15.45 | 36% | 55% | 64% |
| Geography | 3 | 16.67 | 33% | 33% | 100% |
| History - American | 10 | 14.00 | 30% | 50% | 60% |
| History - European | 7 | 20.00 | 57% | 71% | 71% |
| History - Other | 10 | 16.00 | 60% | 40% | 60% |
| History - World | 7 | 17.14 | 57% | 43% | 71% |
| Literature - American | 9 | 16.67 | 67% | 56% | 44% |
| Literature - British | 7 | 20.00 | 71% | 86% | 43% |
| Literature - European | 8 | 17.50 | 75% | 50% | 50% |
| Literature - World | 10 | 16.00 | 60% | 30% | 70% |
| Mythology | 6 | 16.67 | 50% | 50% | 67% |
| Other Academic | 4 | 17.50 | 50% | 50% | 75% |
| Philosophy | 12 | 15.83 | 67% | 67% | 25% |
| Religion | 11 | 20.00 | 82% | 64% | 55% |
| Science - Biology | 8 | 15.00 | 75% | 38% | 38% |
| Science - Chemistry | 12 | 21.67 | 83% | 67% | 67% |
| Science - Other | 8 | 20.00 | 50% | 63% | 88% |
| Science - Physics | 13 | 16.92 | 62% | 46% | 62% |
| Social Science | 7 | 17.14 | 71% | 57% | 43% |